Programování v SQLWindows /

Gespeichert in:
Bibliographische Detailangaben
1. Verfasser: Gietz, William (Verfasst von)
Format: Buch
Sprache:Tschechisch
Veröffentlicht: Rakovník : CT-Net, 1995
Ausgabe:1. vyd.
Tags: Tag hinzufügen
Keine Tags, Fügen Sie das erste Tag hinzu!

MARC

LEADER 00000nam a22000003a 4500
001 stu33136
005 20150617225734.3
008 980325s1995----xr------------------cze-d
040 |a STU  |b slo 
041 0 |a cze 
044 |a xr 
080 |a 681.6.066SQL 
100 1 |a Gietz, William  |4 aut 
245 1 |a Programování v SQLWindows /  |c [aut.] Gietz,William 
250 |a 1. vyd. 
260 |a Rakovník :  |b CT-Net,  |c 1995 
300 |a 701 s 
996 |b J93990  |c J*93990  |l JJK1  |s P  |a 0  |w stu33136_0001